header

Led Zeppelin and philosophy (Record no. 130396)

MARC details
000 -LEADER
fixed length control field 02342nam a2200373 a 4500
082 04 - DEWEY DECIMAL CLASSIFICATION NUMBER
Classification number 782.42166092/2
245 00 - TITLE STATEMENT
Title Led Zeppelin and philosophy
260 ## - PUBLICATION, DISTRIBUTION, ETC. (IMPRINT)
Place of publication Chicago :
Name of publisher Open Court,
Year of publication c2009.
300 ## - PHYSICAL DESCRIPTION
Number of Pages xvi, 311 p. :
Other physical details ill.
490 1# - SERIES STATEMENT
Series statement Popular culture and philosophy ;
505 0# - FORMATTED CONTENTS NOTE
Formatted contents note The ocean's roar / John Stone-Mediatore -- When all are one and one is all / Jeanette Bicknell -- The song remains the same, but not always / Theodore Gracyk -- Black dog : a mood mix / Luke Dick -- Sometimes a guitar is just a guitar / Richard E. Wilson and Emma L.E. Rees -- The enviable lives of Led Zeppelin / Scott Calef -- With flames from the dragon of darkness / Theodore Schick -- Magic pages and mythic plants / Randall E. Auxier -- Presence / Scott Calef -- Physical graffiti / Scott Calef -- Let the son beat down / Steven Gimbel -- Celebrating the agony of life / Erin E. Flynn -- Bring the balance back / Edward Macan -- Your time is gonna come / Ralph Shain -- Reliving the concert experience / Phillip S. Seng -- A bootleg in your hedgerow / Mark D. White -- Why we listen to Led Zeppelin, really / Jere Surber -- Many times I've wondered : 77 Zep facts, anecdotes, and trivia.
650 #0 - SUBJECT ADDED ENTRY--TOPICAL TERM
Topical Term Music and philosophy.
700 1# - ADDED ENTRY--PERSONAL NAME
Personal name Calef, Scott,
Personal name Lewis, Dave.
856 40 - ELECTRONIC LOCATION AND ACCESS
Uniform Resource Identifier http://site.ebrary.com/lib/rucke/Doc?id=10495083

No items available.

© 2026 Rongo University
Contact us: librarian | system librarian | Rongo university